Stuck in the Middle with Q Quiz Stats

Quiz Updated Sep 16, 2015

Challenge
Share
Tweet
Embed
Score 0/30 Timer 07:00
1 Play Today
Length Answer % Correct
Six-Letter WordsMOSQUE
91%
Six-Letter WordsUNIQUE
90.5%
Six-Letter WordsPLAQUE
90.2%
Six-Letter WordsBISQUE
87.8%
Seven-Letter WordsCROQUET
87.3%
Seven-Letter WordsBOUQUET
87.1%
Six-Letter WordsOPAQUE
86.9%
Seven-Letter WordsANTIQUE
85.9%
Six-Letter WordsACQUIT
85.2%
Six-Letter WordsEQUINE
80.5%
Seven-Letter WordsPREQUEL
78.7%
Seven-Letter WordsTEQUILA
78.3%
Six-Letter WordsRISQUÉ
74.3%
Six-Letter WordsSQUINT
70.5%
Six-Letter WordsLIQUID
70%
Length Answer % Correct
Six-Letter WordsSEQUIN
69.8%
Seven-Letter WordsACQUIRE
66.9%
Six-Letter WordsSQUARE
66.3%
Seven-Letter WordsBANQUET
62.2%
Seven-Letter WordsSEQUOIA
60.6%
Seven-Letter WordsREQUIRE
58.1%
Six-Letter WordsTORQUE
51.8%
Seven-Letter WordsKUMQUAT
51.4%
Six-Letter WordsLIQUOR
50.5%
Seven-Letter WordsLACQUER
49.2%
Seven-Letter WordsREQUIEM
49.2%
Six-Letter WordsEQUITY
39.7%
Seven-Letter WordsOBLIQUE
36.3%
Seven-Letter WordsAQUEOUS
34.7%
Seven-Letter WordsCONQUER
24%

You're not logged in!

Compare scores with friends on all Sporcle quizzes.
Sign Up with Email
OR
Log In

You Might Also Like...

Show Comments

Extras

Top Quizzes Today


Score Distribution

Your Account Isn't Verified!

In order to create a playlist on Sporcle, you need to verify the email address you used during registration. Go to your Sporcle Settings to finish the process.